Twenty One Pilots - Morph (Lyrics) - Statistics

General Stats
  • This quiz has been taken 21 times
    20 since last reset
  • The average score is 393 of 451
Answer Stats
Answer % Correct
a
100%
and
100%
else
100%
go
100%
I
100%
if
100%
“If“
100%
“if“
100%
If
100%
I'm
100%
in
100%
it
100%
me
100%
morph
100%
no
100%
someone
100%
the
100%
to
100%
we
100%
above
92%
“above“
92%
"above"
92%
by
92%
die
92%
for
92%
ghost
92%
he
92%
I'll
92%
I‘ll
92%
is
92%
just
92%
keep
92%
know
92%
moving
92%
Nico
92%
one
92%
or
92%
remains
92%
stop
92%
that
92%
they
92%
try
92%
under
92%
“under“
92%
"under"
92%
we're
92%
when
92%
"when"
92%
“when“
92%
who
92%
won't
92%
are
85%
around
85%
“around“
85%
"around"
85%
belief
85%
Bourbaki
85%
but
85%
close
85%
copy
85%
friends
85%
goes
85%
got
85%
he's
85%
love
85%
Nicolas
85%
not
85%
question
85%
slow
85%
still
85%
surrounded
85%
that's
85%
there's
85%
this
85%
those
85%
told
85%
tomorrow
85%
what
85%
about
77%
always
77%
at
77%
blind
77%
Can't
77%
feel
77%
going
77%
him
77%
hounded
77%
invades
77%
me's
77%
my
77%
other
77%
panic
77%
possible
77%
purely
77%
same
77%
see
77%
sing
77%
sleeve
77%
sorrow
77%
take
77%
thinking
77%
throw
77%
time
77%
today
77%
too
77%
until
77%
while
77%
cries
69%
defense
69%
different
69%
hear
69%
mechanism
69%
mode
69%
now
69%
ones
69%
solemn
69%
spies
69%
starts
69%
zeroes
69%
door
62%
ergo
62%
here
62%
let's
62%
miracle
62%
mock
62%
most
62%
our
62%
sword
62%
symphony
62%
things
62%
truly
62%
wonder
62%
done
54%
Dun
54%
he'll
54%
Josh
54%
lights
54%
pick
54%
run
54%
scientific
54%
secret
54%
stopped
54%
tormentors
54%
transmitting
54%
all
46%
almost
46%
anybody
46%
blink
46%
count
46%
I'd
46%
infinity
46%
listening
46%
straight
46%
through
38%
well
38%
No matching quizzes found
Score Distribution
Percent of People with Each Score
Percentile by Number Answered
Your Score History
You have not taken this quiz since the last reset